Apartheid and racism in South African children's literature, 1985-1995

Αποθηκεύτηκε σε:
Λεπτομέρειες βιβλιογραφικής εγγραφής
Κύριος συγγραφέας: MacCann, Donnarae
Άλλοι συγγραφείς: Maddy, Yulisa Amadu
Μορφή: Βιβλίο
Γλώσσα:English
Δημοσίευση: New York : Routledge, 2001.
Σειρά:Children's literature and culture
Θέματα:
Ετικέτες: Προσθήκη ετικέτας
Δεν υπάρχουν, Καταχωρήστε ετικέτα πρώτοι!

MARC

LEADER 00000cam a2200000 i 4500
001 1/39876
008 030902s2001 us | ||| |||| ||eng||
020 |a 0415936381 
035 |l 10070705 
040 |a GR-MY-UA  |b gre  |e aacr 
041 0 |a eng 
082 0 |a 823.91409358   |2 (22) 
100 1 |a MacCann, Donnarae. 
245 1 0 |a Apartheid and racism in South African children's literature, 1985-1995 /   |c Donnarae MacCann, Yulisa Amadu Maddy. 
260 |a New York :   |b Routledge,   |c 2001. 
300 |a xviii, 154 σ. ;   |c 24 εκ. 
490 1 |a (Children's literature and culture) 
504 |a Περιλαμβάνει βιβλιογραφικές αναφορές και ευρετήριο. 
650 0 0 |a Children's stories, South African (English)  |x History and criticism. 
650 0 0 |a Children  |x Books and reading  |z South Africa. 
650 0 0 |a Apartheid in literature. 
650 0 0 |a Race in literature. 
651 0 |a South Africa  |x In literature. 
700 1 |a Maddy, Yulisa Amadu. 
830 0 |a Children's literature and culture 
852 |a INST  |b RHODES  |e 20030902  |h 823.91409358 MAC  |p 005400020156  |q 005400020156  |t BK  |y 0 
901 |a BIBL4-2003-2 
909 |a Ρ  |b 105842 
922 |a 4ΕΛΗ  |b 200307  |c ΕΠΕΑΕΚ2/ΤΕΠΑΕΣ  |d ΜΙΧΑΛΟΠΟΥΛΟΣ 
950 |a 096-2003-06-24 
970 |a ΚΟΥΛΑΚΙΟΤΗ  |b ΛΙΤΣΑ  |z 2003/09/04